[Event "DEM U14w 2000"]
[Site "Überlingen GER"]
[Date "2000.06.04"]
[Round "1"]
[White "Schlander, Sabine"]
[Black "Hallmann, Bettina"]
[Result "1-0"]
[Termination "normal"]
[Board "1"]
[WhiteElo "2170"]
[BlackElo "1310"]
[PlyCount "117"]
[WhiteFideId "4658949"]
[EventCountry "GER"]
[EventRounds "9"]
[EventType "swiss"]
[EventDate "2000.06.03"]

1. e4 e5 2. Nf3 Nc6 3. d4 exd4 4. Nxd4 Nf6 5. Nxc6 bxc6 6. e5 Nd5 7. c4 Bb4+ 8.
Bd2 Bxd2+ 9. Qxd2 Ne7 10. Bd3 h6 11. O-O O-O 12. Nc3 d6 13. Rad1 Be6 14. exd6
cxd6 15. Rfe1 Re8 16. Re3 Kf8 17. b3 Qd7 18. Rde1 Rab8 19. Rf3 Kg8 20. Ne4 Bf5
21. Qf4 d5 22. Nd6 Ng6 23. Rxe8+ Rxe8 24. Qxf5 Re1+ 25. Bf1 Qxd6 26. Qxf7+ Kh7
27. Re3 Rxe3 28. fxe3 dxc4 29. Bxc4 Qf8 30. Qxf8 Nxf8 31. Kf2 Kg6 32. Kf3 Kf6
33. Kf4 Nd7 34. Bd3 c5 35. Bb5 Nb6 36. Ke4 Ke6 37. Bc4+ Kd6 38. Kf5 Ke7 39. e4
a5 40. a4 Na8 41. e5 Nb6 42. e6 Kf8 43. Ke5 Ke7 44. g4 g6 45. h4 Nc8 46. Kd5
Nb6+ 47. Kxc5 Nxc4 48. bxc4 Kxe6 49. Kd4 Kd6 50. c5+ Kd7 51. Kd5 Kc7 52. c6 h5
53. gxh5 gxh5 54. Kc5 Kc8 55. Kb6 Kb8 56. Kxa5 Ka8 57. Kb6 Kb8 58. c7+ Kc8 59.
a5 1-0

[Event "DEM U14w 2000"]
[Site "Überlingen GER"]
[Date "2000.06.04"]
[Round "1"]
[White "Ratner, Syusanna"]
[Black "Krege, Sandra"]
[Result "1/2-1/2"]
[Termination "normal"]
[Board "2"]
[WhiteElo "1263"]
[BlackElo "1697"]
[PlyCount "38"]
[BlackFideId "4680910"]
[EventCountry "GER"]
[EventRounds "9"]
[EventType "swiss"]
[EventDate "2000.06.03"]

1. e4 c5 2. Nc3 d6 3. Nf3 Nc6 4. d4 cxd4 5. Nxd4 a6 6. Be2 e6 7. O-O Be7 8. Be3
Nf6 9. f4 Qc7 10. Bd3 Nxd4 11. Bxd4 e5 12. Be3 exf4 13. Bxf4 Be6 14. Qf3 O-O
15. Rae1 Qc6 16. a3 Ng4 17. Qg3 Qc5+ 18. Kh1 Qh5 19. Qf3 Nf6 1/2-1/2

[Event "DEM U14w 2000"]
[Site "Überlingen GER"]
[Date "2000.06.04"]
[Round "1"]
[White "Beltz, Franziska"]
[Black "Sdunzik, Jennifer"]
[Result "1-0"]
[Termination "normal"]
[Board "3"]
[WhiteElo "1681"]
[BlackElo "1222"]
[PlyCount "107"]
[WhiteFideId "4681401"]
[BlackFideId "24620475"]
[EventCountry "GER"]
[EventRounds "9"]
[EventType "swiss"]
[EventDate "2000.06.03"]

1. e4 c5 2. Nf3 d6 3. d4 cxd4 4. Nxd4 Nf6 5. Nc3 a6 6. Bg5 e6 7. f4 Be7 8. Qf3
Qc7 9. O-O-O Nbd7 10. g4 b5 11. Bxf6 Nxf6 12. g5 Nd7 13. f5 Bxg5+ 14. Kb1 Ne5
15. Qh5 Qd8 16. fxe6 O-O 17. Rg1 Bf6 18. Bh3 g6 19. Nd5 Bg7 20. e7 gxh5 21.
exd8=Q Rxd8 22. Bxc8 Raxc8 23. Ne7+ Kh8 24. Nxc8 Rxc8 25. Nf5 Bf8 26. Rg5 a5
27. Rdg1 Ng6 28. Rxh5 b4 29. Rd1 Rc6 30. Nh6 Ne5 31. Rg1 Bxh6 32. Rxh6 Ng6 33.
Rh5 Ra6 34. Rgg5 Ne5 35. Rh6 Ng6 36. Rgh5 Kg8 37. Kc1 Kf8 38. Rd5 Kg7 39. Rhh5
Ne5 40. Rg5+ Kf6 41. Rg3 h6 42. a3 Ke7 43. Rh3 Ng4 44. Rhh5 bxa3 45. bxa3 Kf6
46. h3 Ne3 47. Rxh6+ Ke7 48. Rd3 Nc4 49. Rb3 Ra7 50. h4 a4 51. Rc3 Ne5 52. Rh7
Ra8 53. Rc7+ Kf6 54. Rh6+ 1-0

[Event "DEM U14w 2000"]
[Site "Überlingen GER"]
[Date "2000.06.04"]
[Round "1"]
[White "Stejskal, Janina Maria"]
[Black "Brethauer, Sarah"]
[Result "0-1"]
[Termination "normal"]
[Board "4"]
[WhiteElo "1180"]
[BlackElo "1676"]
[PlyCount "96"]
[WhiteFideId "24601942"]
[BlackFideId "24605220"]
[EventCountry "GER"]
[EventRounds "9"]
[EventType "swiss"]
[EventDate "2000.06.03"]

1. e4 c5 2. Nf3 d6 3. g3 Nf6 4. Bg2 Nxe4 5. O-O Nf6 6. d3 g6 7. Re1 Bg7 8. Bg5
Nc6 9. Nbd2 O-O 10. Qe2 Re8 11. Nh4 h6 12. Be3 Ng4 13. Rab1 Nxe3 14. Qxe3 Nb4
15. Rec1 Nxa2 16. Rd1 Nb4 17. Rdc1 Rb8 18. Kh1 Be6 19. b3 Kh7 20. f4 Bd4 21.
Qe2 Na2 22. Be4 Nxc1 23. Rxc1 Qc8 24. Qh5 Bf5 25. Bxf5 Qxf5 26. Qxf5 gxf5 27.
Nxf5 Bf6 28. Ne4 Kg6 29. Ne3 Bd4 30. Nd5 Rbc8 31. c3 Bh8 32. Ra1 a6 33. f5+ Kh7
34. Rf1 Rc6 35. f6 e6 36. Ne3 d5 37. Nd2 d4 38. cxd4 cxd4 39. Nec4 e5 40. Ne4
Ree6 41. Rf5 Bxf6 42. Nxf6+ Rxf6 43. Rxe5 b5 44. Nd2 Rf2 45. Nc4 bxc4 46. dxc4
Re6 47. Kg1 Rxe5 48. Kxf2 d3 0-1

[Event "DEM U14w 2000"]
[Site "Überlingen GER"]
[Date "2000.06.04"]
[Round "1"]
[White "Schöne, Maria"]
[Black "Wölfer, Wiebke"]
[Result "1-0"]
[Termination "normal"]
[Board "5"]
[WhiteElo "1634"]
[BlackElo "1160"]
[PlyCount "109"]
[WhiteFideId "4681410"]
[EventCountry "GER"]
[EventRounds "9"]
[EventType "swiss"]
[EventDate "2000.06.03"]

1. e4 e5 2. Nf3 Nc6 3. Bb5 d6 4. d4 exd4 5. Nxd4 Bd7 6. O-O g6 7. Re1 Nge7 8.
Bg5 Bg7 9. c3 Qc8 10. f4 a6 11. Nxc6 Nxc6 12. Ba4 h6 13. Bh4 O-O 14. Nd2 Re8
15. Nf3 b5 16. Bb3 b4 17. Qd5 Kh7 18. Ba4 Nd4 19. Nxd4 Bxa4 20. Qxf7 Rf8 21.
Qe7 Qd7 22. g3 c5 23. b3 cxd4 24. bxa4 Qxe7 25. Bxe7 Rfe8 26. Bxd6 bxc3 27. e5
Bf8 28. Red1 Bxd6 29. exd6 Re4 30. Kf2 Rd8 31. Kf3 Re3+ 32. Kf2 c2 33. Rxd4 Rc3
34. Rc1 Kg7 35. Ke2 Kf6 36. Kd2 Rc6 37. d7 Rc7 38. Rxc2 Rcxd7 39. Rxd7 Rxd7+
40. Ke3 Rd6 41. a5 Kf5 42. h3 g5 43. fxg5 Kxg5 44. Rc5+ Kg6 45. Ke4 Kg7 46. Ke5
Rd2 47. Rc6 Rxa2 48. Rxa6 Ra3 49. Kf4 Kf7 50. Ra8 h5 51. a6 h4 52. gxh4 Rxh3
53. a7 Rxh4+ 54. Kg5 Ra4 55. Rh8 1-0

[Event "DEM U14w 2000"]
[Site "Überlingen GER"]
[Date "2000.06.04"]
[Round "1"]
[White "Schaper, Wiebke Mariet"]
[Black "Wagle, Marina"]
[Result "0-1"]
[Termination "normal"]
[Board "6"]
[WhiteElo "1145"]
[BlackElo "1575"]
[PlyCount "76"]
[EventCountry "GER"]
[EventRounds "9"]
[EventType "swiss"]
[EventDate "2000.06.03"]

1. e4 c5 2. Nf3 d6 3. Nc3 Nc6 4. Bc4 Nf6 5. O-O e6 6. Re1 Be7 7. d3 a6 8. d4
cxd4 9. Nxd4 Qc7 10. Nf3 Na5 11. Bb3 Nxb3 12. axb3 O-O 13. Bf4 Nh5 14. Bg5 Bxg5
15. Nxg5 Nf6 16. Re3 h6 17. Nf3 Rd8 18. Rd3 Rd7 19. Qd2 Ra7 20. Re1 b5 21. e5
dxe5 22. Nxe5 Rxd3 23. Qxd3 b4 24. Nb1 a5 25. Nf3 Ba6 26. Qd4 Ra8 27. c3 Rd8
28. Qh4 Nd5 29. Rd1 Rd7 30. c4 Nf6 31. Rf1 Bb7 32. Nbd2 Bxf3 33. Nxf3 Rd3 34.
Ra1 Qd6 35. Kf1 Rxb3 36. Rxa5 Qd3+ 37. Ke1 Rxb2 38. Ra1 Qe2# 0-1

[Event "DEM U14w 2000"]
[Site "Überlingen GER"]
[Date "2000.06.04"]
[Round "1"]
[White "Helmbold, Irene"]
[Black "Mersmann, Maren"]
[Result "1-0"]
[Termination "normal"]
[Board "7"]
[WhiteElo "1412"]
[BlackElo "1111"]
[PlyCount "41"]
[WhiteFideId "24600873"]
[EventCountry "GER"]
[EventRounds "9"]
[EventType "swiss"]
[EventDate "2000.06.03"]

1. e4 e5 2. Nf3 d6 3. Nc3 Bg4 4. h3 Bh5 5. Bc4 Nc6 6. g4 Bg6 7. d3 h6 8. Be3
Be7 9. Qe2 Qd7 10. O-O-O a6 11. d4 exd4 12. Nxd4 Bf6 13. f4 O-O-O 14. Bxa6 Nxd4
15. Bxd4 Re8 16. Bb5 c6 17. f5 Bh7 18. Nd5 Qd8 19. Bxc6 Qa5 20. Qc4 Kd8 21.
Bb6+ 1-0

[Event "DEM U14w 2000"]
[Site "Überlingen GER"]
[Date "2000.06.04"]
[Round "1"]
[White "Forchmann, Anneliese"]
[Black "Wolowski, Laura"]
[Result "1/2-1/2"]
[Termination "normal"]
[Board "9"]
[WhiteElo "1376"]
[BlackElo "1088"]
[PlyCount "67"]
[EventCountry "GER"]
[EventRounds "9"]
[EventType "swiss"]
[EventDate "2000.06.03"]

1. e4 d5 2. exd5 Qxd5 3. Nc3 Qa5 4. d4 c6 5. Nf3 Bf5 6. d5 Nf6 7. Bc4 Nxd5 8.
Bxd5 cxd5 9. Qxd5 Qxd5 10. Nxd5 Na6 11. Nd4 Be4 12. Ne3 e6 13. f3 Bg6 14. Nb3
Be7 15. Ke2 O-O 16. Rd1 Rfd8 17. Bd2 Rac8 18. c3 Nc5 19. Nxc5 Bxc5 20. Be1 Kf8
21. Bh4 f6 22. Bf2 b6 23. Ng4 Be7 24. Ne3 Ke8 25. Rxd8+ Rxd8 26. Rd1 Rxd1 27.
Nxd1 Bd6 28. h3 Ke7 29. a4 Be8 30. b3 e5 31. a5 bxa5 32. Bxa7 Bf7 33. c4 Bc7
34. Nc3 1/2-1/2

[Event "DEM U14w 2000"]
[Site "Überlingen GER"]
[Date "2000.06.04"]
[Round "1"]
[White "Zhang, Fan"]
[Black "Katte, Isabel"]
[Result "1-0"]
[Termination "normal"]
[Board "10"]
[WhiteElo "1054"]
[BlackElo "1375"]
[PlyCount "99"]
[WhiteFideId "24609730"]
[BlackFideId "24612987"]
[EventCountry "GER"]
[EventRounds "9"]
[EventType "swiss"]
[EventDate "2000.06.03"]

1. d4 Nf6 2. c4 e6 3. Nc3 b6 4. e3 Bb7 5. a3 Be7 6. Nf3 O-O 7. Bd3 d6 8. O-O
Nbd7 9. b4 Re8 10. Bb2 c6 11. Rc1 Rc8 12. Re1 d5 13. e4 Nf8 14. Qc2 Ng6 15. e5
Nd7 16. c5 b5 17. Ne2 Ndf8 18. Nd2 Bg5 19. Rf1 Nh4 20. f4 Be7 21. Nf3 Nxf3+ 22.
Rxf3 Ng6 23. Rcf1 Rf8 24. Rh3 Rb8 25. Bc1 Bc8 26. f5 exf5 27. Bxf5 Bxf5 28.
Qxf5 Qc8 29. Qh5 f6 30. Qxh7+ Kf7 31. Rg3 Rg8 32. Qxg6+ Ke6 33. Nf4+ Kd7 34.
exf6 Bxf6 35. Qf7+ Be7 36. Qe6+ Kc7 37. Qxe7+ Qd7 38. Ne6+ Kc8 39. Rf8+ Rxf8
40. Qxf8+ Kb7 41. Qxg7 Qxg7 42. Rxg7+ Ka6 43. Nc7+ Kb7 44. Nxb5+ Ka6 45. Nc7+
Kb7 46. Nxd5+ Ka6 47. Nc3 Rxb4 48. Rxa7+ Kxa7 49. axb4 Kb7 50. h4 1-0

[Event "DEM U14w 2000"]
[Site "Überlingen GER"]
[Date "2000.06.04"]
[Round "1"]
[White "Gudzik, Georgina"]
[Black "Kunz, Katharina"]
[Result "1-0"]
[Termination "normal"]
[Board "11"]
[WhiteElo "1356"]
[BlackElo "637"]
[PlyCount "119"]
[EventCountry "GER"]
[EventRounds "9"]
[EventType "swiss"]
[EventDate "2000.06.03"]

1. e4 e5 2. Nf3 Nc6 3. Bc4 Nf6 4. d3 h6 5. a3 Bc5 6. Be3 Bb6 7. Nc3 d6 8. Bxb6
axb6 9. Nd5 Bg4 10. h3 Bxf3 11. gxf3 Na5 12. Ba2 O-O 13. Rg1 Nc6 14. c3 Ne7 15.
Nxf6+ Kh8 16. Nh5 g6 17. Ng3 d5 18. Qd2 Kh7 19. O-O-O d4 20. Ne2 c5 21. f4 Qd6
22. fxe5 Qxe5 23. f4 Qc7 24. Qc2 f5 25. e5 Rfd8 26. cxd4 Nd5 27. Bxd5 Rxd5 28.
Nc3 Rdd8 29. d5 Rac8 30. Qg2 Qg7 31. d6 Rc6 32. Nd5 Qf7 33. Ne7 Rdxd6 34. exd6
Rxd6 35. Rge1 Rd7 36. Nc8 b5 37. Qe2 h5 38. Qe7 Kh6 39. Qxf7 Rxf7 40. Nd6 Rc7
41. Nxb5 Rc8 42. Re7 Rb8 43. h4 b6 44. Rde1 Rh8 45. Re8 Rh7 46. R1e7 Rxe7 47.
Rxe7 g5 48. hxg5+ Kg6 49. Re6+ Kg7 50. Rh6 h4 51. Rxh4 c4 52. Nd6 Kg6 53. Rh6+
Kg7 54. Nxf5+ Kg8 55. g6 cxd3 56. g7 d2+ 57. Kxd2 b5 58. Rh8+ Kf7 59. g8=Q+ Kf6
60. Rh6+ 1-0

[Event "DEM U14w 2000"]
[Site "Überlingen GER"]
[Date "2000.06.04"]
[Round "1"]
[White "Schulz, Stefanie"]
[Black "Janotta, Steffi"]
[Result "0-1"]
[Termination "normal"]
[Board "12"]
[WhiteElo "605"]
[BlackElo "1356"]
[PlyCount "132"]
[WhiteFideId "4693060"]
[BlackFideId "4696344"]
[EventCountry "GER"]
[EventRounds "9"]
[EventType "swiss"]
[EventDate "2000.06.03"]

1. e4 e5 2. Nf3 Nc6 3. Bc4 Bc5 4. Nc3 Nf6 5. d3 d6 6. h3 Be6 7. Bxe6 fxe6 8.
O-O O-O 9. Na4 Nd7 10. Nxc5 Nxc5 11. c4 Nd4 12. Nxd4 exd4 13. b4 Nd7 14. Bb2 c5
15. bxc5 dxc5 16. f4 Rf7 17. Qg4 Qe7 18. a4 Raf8 19. Rf3 Nf6 20. Qh4 Nd5 21.
Qxe7 Nxe7 22. Raf1 Ng6 23. g3 Ne5 24. R3f2 Nxd3 25. Rd2 Nxb2 26. Rxb2 b6 27. a5
Rb7 28. Rb5 g6 29. axb6 axb6 30. Ra1 Rfb8 31. Kf2 Kf7 32. Kf3 e5 33. f5 gxf5
34. exf5 Kf6 35. Ke4 h5 36. h4 Rg8 37. Rb3 Rg4+ 38. Kd5 Rg8 39. Ke4 Rgb8 40.
Ra6 Kf7 41. Kxe5 Re8+ 42. Kf4 Reb8 43. Kg5 b5 44. cxb5 Rxb5 45. Ra7+ Ke8 46.
Rxb5 Rxb5 47. f6 c4+ 48. Kg6 Rb8 49. f7+ Kf8 50. Rd7 d3 51. Rd4 Rc8 52. Kxh5 c3
53. Rxd3 c2 54. Kg4 c1=Q 55. Rd7 Qc4+ 56. Kh5 Qb5+ 57. Kg6 Qxd7 58. h5 Qxf7+
59. Kg5 Rc4 60. g4 Qe7+ 61. Kf5 Qc5+ 62. Ke6 Rb4 63. h6 Rb6+ 64. Kd7 Qd6+ 65.
Kc8 Qb8+ 66. Kd7 Rd6# 0-1

[Event "DEM U14w 2000"]
[Site "Überlingen GER"]
[Date "2000.06.04"]
[Round "2"]
[White "Helmbold, Irene"]
[Black "Schlander, Sabine"]
[Result "0-1"]
[Termination "normal"]
[Board "1"]
[WhiteElo "1412"]
[BlackElo "2170"]
[PlyCount "58"]
[WhiteFideId "24600873"]
[BlackFideId "4658949"]
[EventCountry "GER"]
[EventRounds "9"]
[EventType "swiss"]
[EventDate "2000.06.03"]

1. e4 e6 2. d4 d5 3. Nc3 Bb4 4. exd5 exd5 5. Bd3 Qf6 6. a3 Bxc3+ 7. bxc3 Ne7 8.
Qh5 h6 9. Qf3 Qxf3 10. Nxf3 Bf5 11. Bxf5 Nxf5 12. Rb1 b6 13. Bf4 Nd7 14. Kd2
Nf6 15. Rhe1+ Ne4+ 16. Kd3 O-O 17. Re2 Rfe8 18. Nd2 c5 19. Nxe4 dxe4+ 20. Kd2
cxd4 21. Rbe1 dxc3+ 22. Kxc3 Rac8+ 23. Kb2 Nd4 24. Rd2 Ne6 25. Rxe4 f5 26. Ra4
b5 27. Rb4 a5 28. Rxb5 Nxf4 29. g3 Rb8 0-1

[Event "DEM U14w 2000"]
[Site "Überlingen GER"]
[Date "2000.06.04"]
[Round "2"]
[White "Frey, Claudia"]
[Black "Beltz, Franziska"]
[Result "0-1"]
[Termination "normal"]
[Board "2"]
[WhiteElo "1390"]
[BlackElo "1681"]
[PlyCount "41"]
[WhiteFideId "24614513"]
[BlackFideId "4681401"]
[EventCountry "GER"]
[EventRounds "9"]
[EventType "swiss"]
[EventDate "2000.06.03"]

1. e4 c5 2. Nc3 d6 3. g3 g6 4. Bg2 Bg7 5. d3 Nc6 6. f4 e6 7. Nf3 Nge7 8. O-O
O-O 9. h4 Rb8 10. a4 a6 11. h5 f5 12. Nh4 Bd4+ 13. Kh2 Kg7 14. g4 Bd7 15. Qf3
Rg8 16. Ne2 fxg4 17. Qxg4 Bf6 18. Nf3 Qe8 19. c3 Kh8 20. Ng3 e5 21. f5 0-1

[Event "DEM U14w 2000"]
[Site "Überlingen GER"]
[Date "2000.06.04"]
[Round "2"]
[White "Brethauer, Sarah"]
[Black "Gudzik, Georgina"]
[Result "1-0"]
[Termination "normal"]
[Board "3"]
[WhiteElo "1676"]
[BlackElo "1356"]
[PlyCount "119"]
[WhiteFideId "24605220"]
[EventCountry "GER"]
[EventRounds "9"]
[EventType "swiss"]
[EventDate "2000.06.03"]

1. e4 e5 2. Nf3 Nc6 3. Bc4 Bc5 4. Nc3 d6 5. h3 a6 6. d3 Be6 7. Bb3 Bxb3 8. axb3
Nf6 9. Bg5 h6 10. Bh4 Ne7 11. Bxf6 gxf6 12. Nh4 c6 13. Qf3 Ng6 14. Nf5 Rh7 15.
g3 Qd7 16. Ne3 Bxe3 17. fxe3 Qe6 18. O-O-O Nf8 19. d4 O-O-O 20. d5 Qe7 21. Qf5+
Kb8 22. Rhf1 Rg7 23. g4 Nd7 24. Rd2 c5 25. Ne2 Rh8 26. Ng3 Rg5 27. Qf3 Rh7 28.
Rdf2 Rg6 29. Nh5 Kc7 30. Qg3 Kb6 31. Qh4 Kc7 32. Nxf6 Nxf6 33. Rxf6 Rxf6 34.
Qxf6 Qxf6 35. Rxf6 Kd7 36. Rf5 Rg7 37. Rh5 Rg6 38. Kd2 b6 39. Kd3 Ke7 40. c3 b5
41. b4 c4+ 42. Kc2 Kd7 43. b3 cxb3+ 44. Kxb3 Kd8 45. Rf5 Ke7 46. c4 Rf6 47. c5
Rxf5 48. exf5 dxc5 49. bxc5 a5 50. e4 f6 51. h4 Kd8 52. c6 Ke8 53. d6 Kd8 54.
c7+ Kd7 55. g5 hxg5 56. hxg5 fxg5 57. f6 g4 58. f7 g3 59. f8=Q g2 60. c8=Q# 1-0

[Event "DEM U14w 2000"]
[Site "Überlingen GER"]
[Date "2000.06.04"]
[Round "2"]
[White "Janotta, Steffi"]
[Black "Schöne, Maria"]
[Result "1-0"]
[Termination "normal"]
[Board "4"]
[WhiteElo "1356"]
[BlackElo "1634"]
[PlyCount "115"]
[WhiteFideId "4696344"]
[BlackFideId "4681410"]
[EventCountry "GER"]
[EventRounds "9"]
[EventType "swiss"]
[EventDate "2000.06.03"]

1. e4 c5 2. Nf3 d6 3. d4 cxd4 4. Nxd4 Nf6 5. Nc3 g6 6. Be2 Bg7 7. Be3 Nc6 8.
Nb3 O-O 9. Qd2 Be6 10. Nd4 Nxd4 11. Bxd4 Qc7 12. O-O a6 13. f4 b5 14. Bf3 Rac8
15. Rac1 Bc4 16. Rf2 b4 17. Ne2 a5 18. b3 Ba6 19. c4 Nd7 20. Bxg7 Kxg7 21. Rd1
Nc5 22. g4 Rb8 23. f5 a4 24. g5 axb3 25. axb3 Nxb3 26. Qb2+ Kg8 27. Qxb3 Bxc4
28. Qb2 Qa7 29. Nd4 Qa3 30. Nc6 Rb7 31. Ra1 Qe3 32. Qd2 Qc5 33. e5 d5 34. Nd4
b3 35. Qb2 Rc8 36. e6 Bd3 37. exf7+ Kxf7 38. fxg6+ hxg6 39. Bxd5+ Ke8 40. Rf8+
Kxf8 41. Qf2+ Bf5 42. Ne6+ Ke8 43. Nxc5 b2 44. Rb1 Bxb1 45. Bxb7 Bf5 46. Qxb2
Rxc5 47. Qa3 Rc7 48. Qa4+ Kd8 49. Qd4+ Ke8 50. Qa4+ Kd8 51. Qa8+ Kd7 52. Qa4+
Kd8 53. Bc6 e5 54. Kf2 Ke7 55. Qb4+ Ke6 56. Qc4+ Ke7 57. Qc5+ Kf7 58. Bd5+ 1-0

[Event "DEM U14w 2000"]
[Site "Überlingen GER"]
[Date "2000.06.04"]
[Round "2"]
[White "Wagle, Marina"]
[Black "Zhang, Fan"]
[Result "1/2-1/2"]
[Termination "normal"]
[Board "5"]
[WhiteElo "1575"]
[BlackElo "1054"]
[PlyCount "92"]
[BlackFideId "24609730"]
[EventCountry "GER"]
[EventRounds "9"]
[EventType "swiss"]
[EventDate "2000.06.03"]

1. c4 e6 2. d4 d5 3. cxd5 exd5 4. Nf3 Nf6 5. Nc3 c6 6. a3 Bd6 7. h3 Bf5 8. e3
Qc7 9. Bd3 Bxd3 10. Qxd3 Nbd7 11. Bd2 O-O 12. Rc1 Rac8 13. Nb5 Qb8 14. Nxd6
Qxd6 15. Bb4 c5 16. dxc5 Nxc5 17. Bxc5 Rxc5 18. Rxc5 Qxc5 19. O-O Rc8 20. Rd1
Qc4 21. Nd4 a6 22. Rd2 Kf8 23. f3 g6 24. Kf2 Ke7 25. Ne2 Qxd3 26. Rxd3 Rc2 27.
b4 b5 28. g4 h6 29. Rc3 Rxc3 30. Nxc3 Kd6 31. Ke2 Nd7 32. f4 Nb6 33. h4 f6 34.
e4 dxe4 35. Nxe4+ Ke7 36. Nc5 Nc4 37. a4 bxa4 38. Nxa4 Kd6 39. Nc5 Kc6 40. Nxa6
Nd6 41. Nc5 Kb5 42. Nd3 Kc4 43. Ke3 Nb5 44. g5 hxg5 45. hxg5 fxg5 46. fxg5 Nd6
1/2-1/2

[Event "DEM U14w 2000"]
[Site "Überlingen GER"]
[Date "2000.06.04"]
[Round "2"]
[White "Krege, Sandra"]
[Black "Forchmann, Anneliese"]
[Result "1-0"]
[Termination "normal"]
[Board "6"]
[WhiteElo "1697"]
[BlackElo "1376"]
[PlyCount "69"]
[WhiteFideId "4680910"]
[EventCountry "GER"]
[EventRounds "9"]
[EventType "swiss"]
[EventDate "2000.06.03"]

1. e4 e6 2. d4 d5 3. Nc3 Bb4 4. a3 Bxc3+ 5. bxc3 Ne7 6. Qg4 O-O 7. e5 c5 8. Nf3
Nbc6 9. Bd3 f5 10. exf6 Rxf6 11. Bg5 Rf7 12. Qh4 g6 13. O-O c4 14. Be2 Qc7 15.
Bxe7 Rxe7 16. Qg5 e5 17. dxe5 Nxe5 18. Nd4 Qd6 19. Rfe1 Bd7 20. h4 Nf7 21. Qd2
Re4 22. h5 Rae8 23. hxg6 Qxg6 24. Bf3 R4e5 25. Rxe5 Rxe5 26. Re1 Rg5 27. Qf4
Kg7 28. Re7 Bh3 29. Rxf7+ Kh6 30. Rf6 Qxf6 31. Qxf6+ Rg6 32. Qh4+ Kg7 33. Qxh3
a6 34. Qd7+ Kh6 35. Qxb7 1-0

[Event "DEM U14w 2000"]
[Site "Überlingen GER"]
[Date "2000.06.04"]
[Round "2"]
[White "Wolowski, Laura"]
[Black "Ratner, Syusanna"]
[Result "1/2-1/2"]
[Termination "normal"]
[Board "7"]
[WhiteElo "1088"]
[BlackElo "1263"]
[PlyCount "60"]
[EventCountry "GER"]
[EventRounds "9"]
[EventType "swiss"]
[EventDate "2000.06.03"]

1. e4 e5 2. Nf3 Nc6 3. Bc4 Bc5 4. d3 Nf6 5. Bg5 d6 6. Nc3 h6 7. Be3 Bb6 8. h3
O-O 9. Nd5 Nxd5 10. Bxd5 Be6 11. Bb3 Qf6 12. O-O Qg6 13. Nh4 Qf6 14. Nf3 Rad8
15. Nd2 d5 16. exd5 Bxd5 17. Bxd5 Rxd5 18. Qf3 Qxf3 19. Nxf3 f5 20. Rfe1 Re8
21. a3 Nd4 22. Nxd4 Bxd4 23. Bxd4 Rxd4 24. f3 e4 25. fxe4 fxe4 26. dxe4 Rexe4
27. Rxe4 Rxe4 28. Kf2 Kf7 29. Rd1 Ke6 30. Kf3 Re5 1/2-1/2

[Event "DEM U14w 2000"]
[Site "Überlingen GER"]
[Date "2000.06.04"]
[Round "2"]
[White "Katte, Isabel"]
[Black "Schaper, Wiebke Mariet"]
[Result "1-0"]
[Termination "normal"]
[Board "8"]
[WhiteElo "1375"]
[BlackElo "1145"]
[PlyCount "57"]
[WhiteFideId "24612987"]
[EventCountry "GER"]
[EventRounds "9"]
[EventType "swiss"]
[EventDate "2000.06.03"]

1. e4 d6 2. d4 Nf6 3. Nc3 g6 4. Nf3 Bg7 5. Bd3 O-O 6. O-O Bg4 7. h3 Bc8 8. Be3
Nfd7 9. Qe2 e5 10. dxe5 Nxe5 11. Nxe5 dxe5 12. Rad1 Qe7 13. Nd5 Qd6 14. Bc4 Nd7
15. Nb6 Qxd1 16. Rxd1 Nxb6 17. Bxb6 axb6 18. a3 Re8 19. Qf3 Be6 20. Bxe6 Rxe6
21. Rd7 Rf6 22. Qd3 Rc6 23. c3 Re8 24. Qd5 Ree6 25. c4 Rcd6 26. Rxd6 Rxd6 27.
Qxb7 Rd7 28. Qc8+ Bf8 29. Qxd7 1-0

[Event "DEM U14w 2000"]
[Site "Überlingen GER"]
[Date "2000.06.04"]
[Round "2"]
[White "Hallmann, Bettina"]
[Black "Mersmann, Maren"]
[Result "1/2-1/2"]
[Termination "normal"]
[Board "9"]
[WhiteElo "1310"]
[BlackElo "1111"]
[PlyCount "115"]
[EventCountry "GER"]
[EventRounds "9"]
[EventType "swiss"]
[EventDate "2000.06.03"]

1. e4 c5 2. Nf3 Nc6 3. d4 cxd4 4. Nxd4 g6 5. Nxc6 bxc6 6. Bd3 Bg7 7. O-O Nf6 8.
Nc3 O-O 9. Re1 e6 10. Bg5 h6 11. Be3 d5 12. exd5 cxd5 13. Bc5 Re8 14. Bb5 Bd7
15. Bxd7 Qxd7 16. Bd4 Rab8 17. Rb1 Rb7 18. Qf3 Qe7 19. Be5 Nd7 20. Bxg7 Kxg7
21. Nxd5 Qd6 22. Nf6 Reb8 23. Nxd7 Qxd7 24. h3 Qd2 25. Qd1 Qxd1 26. Rexd1 Rxb2
27. Rxb2 Rxb2 28. Rc1 Rxa2 29. c4 Ra6 30. c5 Rc6 31. Kf1 Kf6 32. Ke2 Ke5 33.
Ke3 a5 34. f4+ Kd5 35. Rd1+ Kxc5 36. Ke4 Rd6 37. Rc1+ Kb6 38. Rb1+ Kc7 39. Ke5
Rd5+ 40. Kf6 Rf5+ 41. Kg7 h5 42. Ra1 Kb6 43. Rf1 a4 44. g4 Rc5 45. Kxf7 hxg4
46. hxg4 g5 47. Kxe6 gxf4 48. Rxf4 a3 49. Ra4 Ra5 50. Rb4+ Kc5 51. Rb1 Kc4 52.
Kf6 Kc3 53. g5 a2 54. Ra1 Kb2 55. Rxa2+ Kxa2 56. g6 Ra6+ 57. Kf7 Rxg6 58. Kxg6
1/2-1/2

[Event "DEM U14w 2000"]
[Site "Überlingen GER"]
[Date "2000.06.04"]
[Round "2"]
[White "Sdunzik, Jennifer"]
[Black "König, Daniela"]
[Result "0-1"]
[Termination "normal"]
[Board "10"]
[WhiteElo "1222"]
[BlackElo "1095"]
[PlyCount "104"]
[WhiteFideId "24620475"]
[EventCountry "GER"]
[EventRounds "9"]
[EventType "swiss"]
[EventDate "2000.06.03"]

1. e4 e5 2. Nf3 Nc6 3. Nc3 Bc5 4. Nxe5 Nxe5 5. d4 Bd6 6. dxe5 Bxe5 7. Bd2 Nf6
8. f3 O-O 9. Bc4 d6 10. Qe2 Be6 11. O-O-O Qe7 12. g4 c6 13. h4 b5 14. Bxe6 Qxe6
15. a3 a5 16. b3 Bxc3 17. Bxc3 Nd5 18. Bb2 a4 19. Qh2 Nb6 20. Rxd6 Qc8 21. b4
Nc4 22. Rdd1 Qe6 23. g5 Rac8 24. c3 f6 25. Rdf1 Rcd8 26. Rf2 fxg5 27. hxg5 Qg6
28. Qh5 Qxh5 29. Rxh5 Rd3 30. f4 Re3 31. f5 Rxe4 32. Rh3 Re3 33. Rhf3 Re1+ 34.
Kc2 Rg1 35. Bc1 Ne5 36. Re3 Ng4 37. Ref3 Nxf2 38. Rxf2 Re1 39. f6 gxf6 40. gxf6
h5 41. Bg5 Kf7 42. Bh4 Re4 43. Rh2 Rg8 44. Kd3 Rgg4 45. Bf2 h4 46. Kd2 Kxf6 47.
Kd3 Ke5 48. Rh3 Ref4 49. Rh2 Rf3+ 50. Kd2 h3 51. Ke2 Rxc3 52. Kd2 Rxa3 0-1

[Event "DEM U14w 2000"]
[Site "Überlingen GER"]
[Date "2000.06.04"]
[Round "2"]
[White "Kunz, Katharina"]
[Black "Stejskal, Janina Maria"]
[Result "0-1"]
[Termination "normal"]
[Board "11"]
[WhiteElo "637"]
[BlackElo "1180"]
[PlyCount "92"]
[BlackFideId "24601942"]
[EventCountry "GER"]
[EventRounds "9"]
[EventType "swiss"]
[EventDate "2000.06.03"]

1. e4 e5 2. Nf3 d6 3. Nc3 Nf6 4. Be2 Be7 5. d3 O-O 6. O-O Nc6 7. h3 Be6 8. Be3
d5 9. exd5 Nxd5 10. d4 exd4 11. Nxd4 Nxe3 12. fxe3 Bd7 13. Nxc6 Bxc6 14. Qe1
Re8 15. Rd1 Qc8 16. Bg4 Qb8 17. Qf2 Bf6 18. Rfe1 Rd8 19. e4 Rxd1 20. Bxd1 Qe8
21. Qf4 Bd4+ 22. Kh1 Be5 23. Qe3 Qe6 24. a3 Re8 25. Bf3 Qc4 26. Rd1 Bxc3 27.
bxc3 h6 28. Rd4 Qc5 29. Rd3 Qxa3 30. c4 Qa1+ 31. Rd1 Qa4 32. Qd3 a5 33. Re1 Qb4
34. Re3 a4 35. c3 Qb3 36. Bd1 Qb2 37. Re2 Qa1 38. e5 a3 39. Kh2 a2 40. Bb3 Qb1
41. Qxb1 axb1=Q 42. Bc2 Qf1 43. Rd2 Qf4+ 44. Kh1 Qxd2 45. Bh7+ Kxh7 46. e6
Qxg2# 0-1